000 01767nas a2200277Ia 4500
001 R050-R9746
003 IT-CnALBA
008 170116c99999999xx |||||||||||| ||und||
040 _aIT-CnALBA
_cIT-CnALBA
041 _aPOLIGLOTTA
100 _aMASI ROBERTO, MONSIGNORE
210 _aDIVUS THOMAS
222 _aDIVUS THOMAS
245 0 _aDIVUS THOMAS. COMMENTARIUM DE PHILOSOPHIA ET THEOLOGIA. GENNAIO DICEMBRE 1950.
250 _a1a ed.
260 _a PIACENZA
_bCOLLEGIO ALBERONI
_c1950 [1° Ed.:1950 - Ed.Ling.Originale: 1950]
300 _a543 p.
310 _aTRIMESTRALE
362 _aFascicolo: 1-4 / Anno: 53 (1950)
500 _aINDICE GENERALE ANNATA. BONETTI I. PEREGO A. BATAINI J. ROSSI A. COLOSIO I. IL MOVIMENTO LOCALE. DIPENDENZA DEL VOLERE DALL'INTELLETTO E VOLONTÀ. IL CONCORSO DIVINO PREDETERMINANTE. LA POSSESSIONE ANGELICA. A PROPOSITO DELLA POSSESSIONE ANGELICA. CONGRESSO INTERNAZIONALE STUDI UMANISTICI. NUOVI INDICI DELLE DUE SOMME TOMISTICHE. GIUDIZIO OPERE. NOTE BIBLIOGRAFICHE. DOCUMENTI VARI, ATTI SEDE APOSTOLICA. CONGRESSO. NUOVI GIORNALI O RISTAMPE. VARIE.
501 _aSocietà San Paolo EM - Piazza San Paolo, 14 - 12051 ALBA (CN) (non commercial uses only) ® Copyright 2017
520 _aINDICE GENERALE ANNATA. BONETTI I. PEREGO A. BATAINI J. ROSSI A. COLOSIO I. IL MOVIMENTO LOCALE. DIPENDENZA DEL VOLERE DALL'INTELLETTO E VOLONTÀ. IL CONCORSO DIVINO PREDETERMINANTE. LA POSSESSIONE ANGELICA. A PROPOSITO DELLA POSSESSIONE ANGELICA. CONGRESSO INTERNAZIONALE STUDI UMANISTICI. NUOVI INDICI DELLE DUE SOMME TOMISTICHE. GIUDIZIO OPERE. NOTE BIBLIOGRAFICHE. DOCUMENTI VARI, ATTI SEDE APOSTOLICA. CONGRESSO. NUOVI GIORNALI O RISTAMPE. VARIE.
650 _aTEOLOGIA - FILOSOFIA
942 _cCR
957 _71
999 _a61313
_bNO
_g1
_c328339
_d328339